00579 2200229 4500001002100000005001500021035002000036007000300056008004100059020001500100082001200115084001800127100001800145245006200163250001000225260003100235300002900266650001000295700001800305990001300323990001300336INLIS00000000000417120191009105430 a0010-1019000023ta191009 g 1 ind  a9797347966 a540.076 a540.076 JOH k0 aJohari, J.M.C1 aKimia 2A :bUntuk SMA kelas XI semester 1 /cJ.M.C Johari acet.9 aJakarta :bErlangga,c2010 a94 hlm ;c19,5 x 25,5 cm 4akimia0 aM. Rachmawati a1072355a a1072355a